| 000 | 00641nam a2200217 a 4500 | ||
|---|---|---|---|
| 005 | 20230202063727.0 | ||
| 008 | 040226s1979 mx r 000 0 spa d | ||
| 020 | _a9683400191 | ||
| 035 | _aUPN01000146234 | ||
| 049 | _aCG | ||
| 050 | 4 |
_aPQ7297 F9.8 _bC3b |
|
| 100 | 1 |
_aFuentes, Carlos, _d1928-2012 |
|
| 245 | 1 | 0 |
_aCambio de piel / _cCarlos Fuentes ; pról. Elena Poniatowska. |
| 260 |
_aMéxico : _bPROMEXA, _c1979. |
||
| 300 |
_a442 p. : _bil. |
||
| 440 | 0 | _aClásicos de la Literatura Mexicana | |
| 650 | 4 |
_aNovela mexicana _ySiglo XX _96052 |
|
| 700 | 1 |
_aPoniatowska, Elena, _d1933- _eprol. |
|
| 905 | _aLibro | ||
| 999 |
_c118380 _d118380 |
||